Learn OpenGL : beginner's quide to 3D rendering and game development with OpenGL and C++

Αποθηκεύτηκε σε:
Λεπτομέρειες βιβλιογραφικής εγγραφής
Κύριος συγγραφέας: Hussain, Frahaan
Μορφή: Βιβλίο
Γλώσσα:English
Δημοσίευση: Birmingham : Packt publishing, c2018.
Θέματα:
Ετικέτες: Προσθήκη ετικέτας
Δεν υπάρχουν, Καταχωρήστε ετικέτα πρώτοι!

MARC

LEADER 00000cam a2200000 a 4500
001 1/124117
008 220111t2018####uk | ||| |||| ||eng||
020 |a 9781789340365 
040 |a GR-MyUa  |b gre  |c GR-MyUa  |e AACR2 
041 0 |a eng  |h eng 
082 7 |a 006.6   |2 (23) 
100 1 |a Hussain, Frahaan. 
245 1 0 |a Learn OpenGL :   |b beginner's quide to 3D rendering and game development with OpenGL and C++ /   |c by Frahaan Hussain.  
260 |a Birmingham :   |b Packt publishing,   |c c2018.  
300 |a iii, 199 σ. :   |b εικ. ;   |c 24 εκ.  
504 |a Ευρετήριο [197-199].  
630 0 0 |a OpenGL. 
650 0 |a Computer graphics. 
650 0 |a C++ (Computer program language) 
852 |a INST  |b SAMOS  |e 20220111  |h 006.6 HUS  |p 005300047070  |q 005300047070  |t BK  |y 0 
970 |a Γουβάλα  |b Βάσω  |z 11/01/2022